Obras reunidas

Bewaard in:
Bibliografische gegevens
Hoofdauteur: Poniatowska, Elena (autora)
Formaat: Boek
Taal:Spaans
Gepubliceerd in: Ciudad de México Fondo de Cultura Económica 2006
Onderwerpen:
Tags: Voeg label toe
Geen labels, Wees de eerste die dit record labelt!

MARC

LEADER 00000nam a2200000 a 4500
001 UCI1957
003 CL-VaPUC
008 070727e20060000MX |||||||||||||||||spa|d
020 |a 9681678125 obra completa 
020 |a 9681674693v.1 
020 |a 9681678605v.2 
082 0 4 |a Me863  |b PON  |2 21 
100 |a Poniatowska, Elena  |e autora  |9 522793 
245 1 0 |a Obras reunidas 
300 |a v 
942 |c BK 
945 |d 20070727 00:00:00  |a rbrito 
260 |a Ciudad de México  |b Fondo de Cultura Económica  |c 2006 
500 |a v.1: Narrativa breve 
500 |a v.2: Novelas 1 
650 0 |a Novelas mexicanas  |9 317570 
583 |a last modification  |c 20070727 00:00:00  |k Rodrigo Vera 
999 |c 326643  |d 326641 
952 |0 0  |1 0  |4 0  |6 ME_863_000000000000000_PON_2006  |7 0  |8 A  |9 408672  |a BIBEDU  |b BIBEDU  |c ES_NOD  |d 2019-11-22  |h v.1  |i 4235894  |l 1  |o Me863 PON 2006  |p 4235894  |r 2024-03-15  |s 2024-03-07  |w 2019-11-22  |y BK  |k LIT 
952 |0 0  |1 0  |4 0  |6 ME_863_000000000000000_PON_2006  |7 0  |8 A  |9 408673  |a BIBEDU  |b BIBEDU  |d 2019-11-22  |h v.2  |i 4359526  |o Me863 PON 2006  |p 4359526  |r 2019-11-22  |w 2019-11-22  |y BK  |k LIT 
952 |0 0  |1 0  |4 0  |6 ME_863_000000000000000_PON_2006  |7 0  |8 A  |9 408674  |a BIBEDU  |b BIBEDU  |d 2019-11-22  |h v.1  |i 4435389  |o Me863 PON 2006  |p 4435389  |r 2019-11-22  |w 2019-11-22  |y BK  |k LIT 
952 |0 0  |1 0  |4 0  |6 ME_863_000000000000000_PON_2006  |7 0  |8 A  |9 408675  |a BIBEDU  |b BIBEDU  |d 2019-11-22  |h v.2  |i 4435397  |l 1  |o Me863 PON 2006  |p 4435397  |r 2023-11-07  |s 2023-10-10  |w 2019-11-22  |y BK  |k LIT